Sporcling Around the World III Quiz Stats

 Plays Quiz not verified by Sporcle

Challenge
Share
Tweet
Embed
Score 0/24 Timer 05:00
0 Plays Today
% Correct
English
87.2%
French
81.1%
Arabic
80.8%
Spanish
73.8%
Russian
73.6%
Italian
67.3%
Greek
66.5%
Korean
64.3%
Portuguese
62.7%
Dutch
62.4%
Polish
62%
Chinese
61.5%
% Correct
Hebrew
60.1%
Vietnamese
50.8%
Japanese
50.7%
Thai
48.3%
Hindi
48.1%
Swedish
45.5%
Hungarian
41.4%
Turkish
38.3%
Indonesian
37.6%
Ukrainian
34.6%
Macedonian
18.5%
Mongolian
15.3%

You're not logged in!

Compare scores with friends on all Sporcle quizzes.
Join for Free
OR
Log In

You Might Also Like...

Show Comments

Extras

Top Quizzes Today


Score Distribution

Your Account Isn't Verified!

In order to create a playlist on Sporcle, you need to verify the email address you used during registration. Go to your Sporcle Settings to finish the process.

Report this User

Report this user for behavior that violates our Community Guidelines.

Details: